000 00891nam a22002417a 4500
005 20080630104737.0
008 080618t xxu||||| |||| 00| 0 eng d
010 _aENG-90420
020 _c550.00
_a81313039887
035 _aEN-73953
037 _bDBAD / PUB
040 _aDPL
_bEN
082 _a370.15
100 _aSiddiqui, Mujibul Hasan
245 _aEducational psychology /
_cby Mujibul Hasan Siddiqui
260 _aNew Delhi
_bAPH Publishing Corporation
_c2008
260 _a
_b
270 _a4435-36/7, Ansri Road, Darya Ganj,
_bNew Delhi
_e110002
300 _aix, 258p.
_c23 cm (Hb)
500 _aIncludes bibliographical references and index
942 _cEN
_h370.15
_2ddc
_mSID
999 _c14091
_d14091